000 00593nam a2200205Ii 4500
001 7162
003 CO-ViMGA
008 241108s9999||||xx |||||||||||||| ||und||
040 _aCO-ViMGA
_bspa
_erda
_cCO-ViMGA
041 0 _aunk
082 0 4 _a925-B777m
100 1 _aJ.B. Boussingault
_955172
245 1 0 _aMemorias
264 1 _a[Lugar de publicación no identificado] : Banco de la República, 1985
300 _avolumen
336 _atext
_btxt
_2rdacontent
337 _aunmediated
_bn
_2rdamedia
338 _avolume
_bnc
_2rdacarrier
940 _aidficha_siabuc: 6994. -- ficha_no_siabuc:7162
999 _c52599
_d52599